| 000 | 00760nam a22002417a 4500 | ||
|---|---|---|---|
| 003 | DO-SdBNP | ||
| 005 | 20180214103347.0 | ||
| 008 | 160718 2000 pe a spa d | ||
| 020 | _a8420458430 | ||
| 040 |
_aBPMSU _bspa _cBPMSU |
||
| 100 | 1 | _aEslava, Jorge | |
| 245 | 1 | 3 |
_aEl maromero / _cJorge Eslava ; ilustraciones Aldo Shiroma |
| 260 |
_aSantafé de Bogota, Colombia : _bAlfaguara, _bUnicef, _c2000. |
||
| 300 |
_a29 p. : _bil. ; _c29 cm. |
||
| 490 | 0 |
_aDerechos del niño _v9 |
|
| 490 | 0 | _aDerechos a recibir auxilio y protección | |
| 700 | 1 | 2 |
_aShiroma, Aldo _eil. |
| 830 | 0 |
_aDerechos del niño _n9 |
|
| 830 | 0 | _aDerecho a recibir auxilio y protección | |
| 942 |
_2ddc _cBK |
||
| 945 | _aInventariado,2018/MFF | ||
| 956 |
_2YLOCKWARD _310 _8BPMSU _a00144 |
||
| 999 |
_c12518 _d12518 |
||